| 000 | 00364nam a22001217a 4500 | ||
|---|---|---|---|
| 008 | 230612b xxu||||| |||| 00| 0 eng d | ||
| 082 |
_a354.676 _bGOK |
||
| 245 | _a1996/97 Estimates of Recurrent Expenditure of the Government of Kenya for the Year Ending 30th June, 1997 | ||
| 260 |
_aNairobi,Kenya _bGOK _c1996 |
||
| 300 | _aIX,942p | ||
| 440 | _vI | ||
| 942 |
_2ddc _cBK |
||
| 999 |
_c1042 _d1042 |
||